Patrick EVENO, La presse quotidienne nationale. Fin de partie ou renouveau ?, Paris, Vuibert, 2008 (notice n° 1646749)

détails MARC
000 -LEADER
fixed length control field 01983cam a2200169 4500500
005 - DATE AND TIME OF LATEST TRANSACTION
control field 20260208003024.0
041 ## - LANGUAGE CODE
Language code of text/sound track or separate title fre
042 ## - AUTHENTICATION CODE
Authentication code dc
100 10 - MAIN ENTRY--PERSONAL NAME
Personal name Bacot, Jean-Pierre
Relator term author
245 00 - TITLE STATEMENT
Title Patrick EVENO, La presse quotidienne nationale. Fin de partie ou renouveau ?, Paris, Vuibert, 2008
260 ## - PUBLICATION, DISTRIBUTION, ETC.
Date of publication, distribution, etc. 2009.<br/>
500 ## - GENERAL NOTE
General note 82
520 ## - SUMMARY, ETC.
Summary, etc. RésuméL’économie des biens informationnels mobilise une ressource peu comptabilisée, l’attention du public. Or, ce bien devient de plus en plus rare en raison d’une abondance de l’offre. Dès lors, plusieurs stratégies sont en compétition que l’article examine en montrant les dispositifs anciens sur lesquels elles s’appuient, leurs nouvelles formes numériques et les modalités attentionnelles mises en œuvre, identifiées par la littérature en sciences cognitives. La fidélisation, qui joue sur la durée, entre ainsi en compétition avec l’alerte, qui parie sur l’intensité. Une autre modalité attentionnelle émerge actuellement à partir des jeux vidéo, celle de l’immersion qui combine durée et intensité.
520 ## - SUMMARY, ETC.
Summary, etc. The informational goods economy mobilizes a resource that is seldom taken stock of: public attention. But this good is becoming increasingly rare, due to the abundant information offer. As a consequence there are several competing strategies to capture attention, which this article examines. It shows the older devices on which they are based, their new digital forms, and the various modalities of attention, as identified by the cognitive science literature. Developing fidelity, based on the duration of attention, competes with alertness, which is more a question of intensity. A new mode of attention which combines duration and intensity is currently emerging from video games: immersion.
786 0# - DATA SOURCE ENTRY
Note Réseaux | 154 | 2 | 2009-04-10 | p. 247d-262d | 0751-7971
856 41 - ELECTRONIC LOCATION AND ACCESS
Uniform Resource Identifier <a href="https://shs.cairn.info/revue-reseaux-2009-2-page-247d?lang=fr&redirect-ssocas=7080">https://shs.cairn.info/revue-reseaux-2009-2-page-247d?lang=fr&redirect-ssocas=7080</a>

Pas d'exemplaire disponible.

PLUDOC

PLUDOC est la plateforme unique et centralisée de gestion des bibliothèques physiques et numériques de Guinée administré par le CEDUST. Elle est la plus grande base de données de ressources documentaires pour les Étudiants, Enseignants chercheurs et Chercheurs de Guinée.

Adresse

627 919 101/664 919 101

25 boulevard du commerce
Kaloum, Conakry, Guinée

Réseaux sociaux

Powered by Netsen Group @ 2025